Central Library OPAC University of Rajshahi

Life among the Apaches / (Record no. 63128)

MARC details
000 -LEADER
fixed length control field 00859nam a2200265 a 4500
001 - CONTROL NUMBER
control field 63128
003 - CONTROL NUMBER IDENTIFIER
rucl marc code BD-RjUL
005 - DATE AND TIME OF LATEST TRANSACTION
control field 20211209081149.0
008 - FIXED-LENGTH DATA ELEMENTS--GENERAL INFORMATION
fixed length control field 170128s vau 000 0 eng d
035 ## - SYSTEM CONTROL NUMBER
System control number (BD-RjUL)63256
040 ## - CATALOGING SOURCE
Original cataloging agency DLC
Transcribing agency DLC
Modifying agency BD-RjUL
Language of cataloging eng
041 ## - LANGUAGE CODE
Language code of text/sound track or separate title eng
082 00 - DEWEY DECIMAL CLASSIFICATION NUMBER
Classification number 979.004972
Edition number 22
Author mark and year CRL 1868
100 1# - MAIN ENTRY--PERSONAL NAME
Personal name Cremony, John C.
Fuller form of name (John Carey),
Dates associated with a name 1815-1879.
9 (RLIN) 187832
245 10 - TITLE STATEMENT
Title Life among the Apaches /
Statement of responsibility, etc. by John C. Cremony.
260 ## - PUBLICATION, DISTRIBUTION, ETC. (IMPRINT)
Place of publication, distribution, etc. Alexandria, Va. :
Name of publisher, distributor, etc. Time-Life Books,
Date of publication, distribution, etc. 1868
300 ## - PHYSICAL DESCRIPTION
Pagination 322 p. ;
Size 22 cm.
490 1# - SERIES STATEMENT
Series statement Classics of the Old West
500 ## - GENERAL NOTE
General note Reprint of the 1868 ed. published by A. Roman, San Francisco.
600 10 - SUBJECT ADDED ENTRY--PERSONAL NAME
Personal name Cremony, John C.
Fuller form of name (John Carey),
Dates associated with a name 1815-1879.
650 #0 - SUBJECT ADDED ENTRY--TOPICAL TERM
Topical term or geographic name as entry element Apache Indians.
9 (RLIN) 187833
830 #0 - SERIES ADDED ENTRY--UNIFORM TITLE
Uniform title Classics of the Old West
942 ## - ADDED ENTRY ELEMENTS (KOHA)
Source of classification or shelving scheme Dewey Decimal Classification
Koha item type Books
Holdings
Lost status Source of classification or shelving scheme Damaged status Not for loan Collection code Permanent Location Current Location Shelving location Date acquired Source of acquisition Total Checkouts Full call number Date last seen Copy number Koha item type
  Dewey Decimal Classification   Not For Loan Non-fiction Central Library, University of Rajshahi Central Library, University of Rajshahi Reading Room 20/07/1985 Asia Foundation   979.004972 CRL 1868 28/01/2017 C-1 Books